Normal view
MARC view
- الرياضيات - مناهج واساليب تدريس - حوسبة
Entry Topical Term
001 - CONTROL NUMBER
- control field: 57618
003 - CONTROL NUMBER IDENTIFIER
- control field: JO-AjAnu
005 - DATE AND TIME OF LATEST TRANSACTION
- control field: 20230606083432.0
008 - FIXED-LENGTH DATA ELEMENTS
- fixed length control field: 230606|| aca||aabn | a|a d
040 ## - CATALOGING SOURCE
- Original cataloging agency: JO-AjAnu
- Transcribing agency: JO-AjAnu
150 ## - HEADING--TOPICAL TERM
- Topical term or geographic name entry element: الرياضيات - مناهج واساليب تدريس - حوسبة
670 ## - SOURCE DATA FOUND
- Source citation: Work cat.: (JO-AjAnu)29399: اعداد الناصر، سند زيد؛ اشراف احمد محمد الدويري, author 57617, معوقات استخدام معلمي الرياضيات للحاسوب في تدريسهم بالمرحلة الاساسية من وجهة نظرهم في الاردن=Obstacles of using computer in teaching by mathematics teachers at basic stage of their perspective in jordon